| 000 | 01334cam a22003135a 4500 | ||
|---|---|---|---|
| 001 | 18322261 | ||
| 005 | 20160307130039.0 | ||
| 008 | 141001s2015 nyua frb 001 0 eng d | ||
| 020 | _a9781138823488 | ||
| 020 | _z9781315742052 | ||
| 040 |
_aDLC _beng _cDLC _dDLC _dEG-ScBUE |
||
| 043 | _ae-uk--- | ||
| 082 | 0 | 4 |
_a070.1950941 _222 _bBEL |
| 100 | 1 |
_aBelair-Gagnon, Valerie. _939494 |
|
| 245 | 1 | 0 |
_aSocial media at BBC news : _bthe re-making of crisis reporting / _cValerie Belair-Gagnon. |
| 260 |
_aNew York ; _aOxon : _bRoutledge / Taylor & Francis Group, _c2015. |
||
| 300 |
_axviii, 147 p. : _bill. ; _c24 cm. |
||
| 490 | 0 |
_aRoutledge research in journalism ; _v10 |
|
| 500 | _aIndex : p. 141-147. | ||
| 504 | _aBibliography : p. 125-139. | ||
| 505 | 0 | _aIntroduction: crossing the Rubicon -- "Auntie" takes on social media -- Tweet or be sacked! -- A new order -- New structures, new actors in the newsrooms -- The connected newsroom -- Conclusion: global crises, local responses. | |
| 610 | 7 |
_aBritish Broadcasting Corporation. _925299 |
|
| 650 | 0 |
_aTelevision broadcasting of news _zGreat Britain. _2BUEsh |
|
| 650 | 0 |
_aOnline journalism _zGreat Britain _xHistory _y21st century. _2BUEsh |
|
| 650 | 0 |
_aSocial media _zPolitical aspects _zGreat Britain. _2BUEsh |
|
| 651 | _2BUEsh | ||
| 653 |
_bCOMAME _cMarch2016 |
||
| 942 | _2ddc | ||
| 999 |
_c21331 _d21303 |
||